[Event "Rematch?"]
[Site "http://www.queenalice.com/game.php?id=656205"]
[Date "2009.9.22"]
[Round "-"]
[White "mpustil"]
[Black "Leof"]
[Result "1-0"]
[WhiteElo "1681"]
[BlackElo "1619"]

1. e4 e5 2. Qh5 d6 3. Bc4 g6 4. Qf3 f6 5. h3 Nc6 6. g4 Nd4 7. Qd3 Bd7 8. c3 Ne6
9. b4 Nf4 10. Qf3 Qe7 11. d3 Bh6 12. Bxf4 exf4 13. h4 Bc6 14. b5 d5 15. Nd2 dxc4
16. bxc6 bxc6 17. Nxc4 O-O-O 18. Ne2 Qc5 19. Nd4 Ne7 20. Ne6 Qb5 21. Nxd8 Qb2
22. Nxb2 Rxd8 23. O-O g5 24. h5 Bg7 25. d4 c5 26. dxc5 Bf8 27. Rad1 Rxd1 28.
Qxd1 Nc6 29. Qd5 Na5 30. Rd1 Nb7 31. c6 Bc5 32. cxb7+ Kb8 33. Qc6 Bd6 34. Nc4
Bc5 35. Qxc5 f3 36. Qc6 1-0

[Event "Rematch?"]
[Site "http://www.queenalice.com/game.php?id=657020"]
[Date "2009.9.23"]
[Round "-"]
[White "mpustil"]
[Black "javierbesso"]
[Result "1-0"]
[WhiteElo "1750"]
[BlackElo "1629"]

1. e4 c5 2. Nf3 d6 3. Nc3 g6 4. Bc4 Bg7 5. Ng5 e6 6. d3 h6 7. Nf3 Ne7 8. a4 O-O
9. d4 cxd4 10. Nxd4 a6 11. b4 Qb6 12. Qd3 Qxd4 13. Bb2 Qxd3 14. cxd3 Nbc6 15. b5
axb5 16. axb5 Rxa1+ 17. Bxa1 Nd4 18. O-O Bd7 19. Na4 Bxb5 20. Bxd4 Bxa4 21. Bxg7
Kxg7 22. Rb1 Bc6 23. Rb6 d5 24. exd5 exd5 25. Bb3 Nf5 26. Bd1 Nd4 27. Kf1 Re8
28. Rb4 Nb5 29. Be2 1-0

[Event "Challenge"]
[Site "http://www.queenalice.com/game.php?id=659917"]
[Date "2009.9.29"]
[Round "-"]
[White "mpustil"]
[Black "Tagliapietra"]
[Result "1-0"]
[WhiteElo "1668"]
[BlackElo "1591"]

1. e4 e5 2. Nc3 c6 3. Nf3 Bd6 4. d4 Qe7 5. Ng5 h6 6. Qh5 Nf6 7. Qh4 O-O 8. Nf3
exd4 9. Nxd4 Bb4 10. f3 d5 11. Bd3 g5 12. Qxh6 dxe4 13. Qxg5+ Kh8 14. Bxe4 Nxe4
15. Qxe7 Bxe7 16. Nxe4 Na6 17. Bf4 f5 18. Be5+ Kg8 19. Ng3 Bd7 20. O-O-O Rfe8
21. f4 c5 22. Ndxf5 Bh4 23. Rxd7 Bxg3 24. hxg3 1-0

[Event "Challenge"]
[Site "http://www.queenalice.com/game.php?id=661416"]
[Date "2009.10.2"]
[Round "-"]
[White "DanizinhaBH"]
[Black "mpustil"]
[Result "0-1"]
[WhiteElo "1730"]
[BlackElo "1707"]

1. e4 Nc6 2. b3 Nf6 3. Nc3 d5 4. exd5 Nxd5 5. Bb2 e5 6. Nf3 Bf5 7. Bb5 a6 8.
Bxc6+ bxc6 9. Qe2 f6 10. O-O-O Bd6 11. h3 Nf4 12. Qf1 O-O 13. Nh4 Qd7 14. g4 Be6
15. Ne2 g5 16. Nf3 Bd5 17. Neg1 a5 18. Rh2 a4 19. d4 Rfe8 20. dxe5 axb3 21. exd6
bxa2 22. Ba1 Bxf3 23. Nxf3 Ne2+ 24. Kb2 Reb8# 0-1

[Event "Challenge"]
[Site "http://www.queenalice.com/game.php?id=662597"]
[Date "2009.10.4"]
[Round "-"]
[White "mpustil"]
[Black "henriq19"]
[Result "0-1"]
[WhiteElo "1773"]
[BlackElo "1687"]

1. e4 c5 2. Nc3 d6 3. Bc4 g6 4. f4 Bg7 5. d3 Nc6 6. Nf3 Bg4 7. Bb5 Nf6 8. O-O
O-O 9. h3 Bd7 10. e5 dxe5 11. Nxe5 Nxe5 12. fxe5 Ne8 13. d4 a6 14. Bxd7 Qxd7 15.
dxc5 Qc6 16. Nd5 Qxc5+ 17. Be3 Qb5 18. Nxe7+ Kh8 19. b3 Qxe5 20. Nd5 Rd8 21. Bc5
Rxd5 22. Bxf8 Bxf8 23. Qe1 Qd4+ 24. Kh1 Re5 25. Qg3 Kg7 26. c3 Qe3 27. Qf2 Nd6
28. Qxe3 Rxe3 29. Rf3 Rxf3 30. gxf3 Nf5 31. Kg2 Bd6 32. c4 Bc5 0-1

[Event "Challenge"]
[Site "http://www.queenalice.com/game.php?id=662598"]
[Date "2009.10.4"]
[Round "-"]
[White "BESO"]
[Black "mpustil"]
[Result "0-1"]
[WhiteElo "1845"]
[BlackElo "1777"]

1. d4 Nf6 2. c4 g6 3. Nc3 Bg7 4. Nf3 d6 5. e4 O-O 6. Be2 e5 7. d5 Nbd7 8. O-O
Nc5 9. b4 Nfxe4 10. Nxe4 Nxe4 11. Bb2 f5 12. Rb1 g5 13. Nd2 Nxd2 14. Qxd2 f4 15.
f3 Bf5 16. Bd3 h5 17. Bxf5 Rxf5 18. Qc2 Qd7 19. c5 Kf7 20. c6 bxc6 21. dxc6 Qe6
22. Qb3 d5 23. b5 g4 24. Rbe1 gxf3 25. gxf3 Rg5+ 26. Kh1 h4 27. a4 Rb8 28. Bc3
d4 29. Qxe6+ Kxe6 30. Bxd4 Rd8 31. Bxa7 Rd2 32. Bf2 e4 33. Rxe4+ Kd6 34. h3 Kd5
35. Re7 Bd4 36. Rd7+ Kc4 37. Rc1+ Kb3 38. Rxd4 Rxf2 39. Rg1 Re5 40. Re4 Rd5 41.
Rg2 Rd1+ 42. Kh2 Rff1 0-1

[Event "Challenge"]
[Site "http://www.queenalice.com/game.php?id=663413"]
[Date "2009.10.6"]
[Round "-"]
[White "mpustil"]
[Black "Trevuz"]
[Result "0-1"]
[WhiteElo "1796"]
[BlackElo "1748"]

1. e4 c6 2. d4 d5 3. e5 Bf5 4. g4 Be4 5. f3 Bg6 6. h4 h6 7. h5 Bh7 8. b3 e6 9.
c4 Nd7 10. Nc3 Bb4 11. Ne2 Ne7 12. a3 Qa5 13. Bb2 Bxc3+ 14. Bxc3 Qc7 15. Ng3
O-O-O 16. c5 f5 17. Qd2 fxg4 18. Ba5 b6 19. cxb6 Nxb6 20. Ba6+ Kb8 21. fxg4 Nec8
22. Rc1 Rdf8 23. b4 Qd7 24. Qc3 Nc4 25. Bxc4 dxc4 26. Qxc4 Rf3 27. Rc3 Rhf8 28.
Ne2 Be4 29. Rg1 Bd5 30. Qc5 Rxc3 31. Qxc3 Rf3 32. Qb2 Qf7 33. b5 Rb3 34. Qc2
Rxb5 35. Bb4 Nb6 36. Nc3 Rxb4 37. axb4 Nc4 38. Nxd5 cxd5 39. Ke2 Qf4 40. Qd3
Qh2+ 41. Kf1 Qf4+ 42. Ke1 Qc1+ 43. Kf2 Qf4+ 44. Ke1 Qc1+ 0-1

[Event "Challenge"]
[Site "http://www.queenalice.com/game.php?id=670350"]
[Date "2009.10.21"]
[Round "-"]
[White "mpustil"]
[Black "Omar"]
[Result "0-1"]
[WhiteElo "1800"]
[BlackElo "1623"]

1. Nf3 h6 2. d4 a6 3. Nc3 d5 4. Bf4 e6 5. Ne5 Qe7 6. h4 g6 7. e3 Bg7 8. g4 g5 9.
Bg3 Nc6 10. f4 Nxe5 11. dxe5 c6 12. Na4 Qb4+ 13. c3 Qe4 14. Rh3 Qxe3+ 15. Qe2
Qxe2+ 16. Bxe2 b5 17. Nb6 Rb8 18. Nxc8 Rxc8 19. hxg5 hxg5 20. Rxh8 Bxh8 21. fxg5
Ne7 22. O-O-O Ng6 23. Re1 Bxe5 24. Bxe5 Nxe5 25. Rh1 Kd7 26. g6 Nxg6 27. Rh7 Ke7
28. g5 Rh8 29. Rh6 Rxh6 30. gxh6 Kf8 31. Kd2 Kg8 32. Kd3 Nf4+ 33. Ke3 Nxe2 34.
Kxe2 Kh7 35. Kd3 Kxh6 36. Kd4 Kg5 37. Kc5 Kf5 38. Kxc6 Ke5 39. b3 f5 40. a4 f4
41. Kb6 f3 42. Kxa6 f2 43. axb5 f1=Q 44. Ka5 Kd6 45. b6 Kc6 0-1

[Event "Esta vez voy a probar con negras"]
[Site "http://www.queenalice.com/game.php?id=672022"]
[Date "2009.10.24"]
[Round "-"]
[White "javierbesso"]
[Black "mpustil"]
[Result "0-1"]
[WhiteElo "1618"]
[BlackElo "1761"]

1. d4 Nf6 2. e3 g6 3. Bd3 Bg7 4. b3 b6 5. Bb2 Bb7 6. Nf3 c5 7. O-O d6 8. Nbd2 a6
9. c4 e6 10. Qe2 Qd7 11. Rfe1 Nc6 12. Rad1 Nb4 13. Bb1 a5 14. a3 Nc6 15. d5 exd5
0-1

[Event "Challenge"]
[Site "http://www.queenalice.com/game.php?id=677157"]
[Date "2009.11.3"]
[Round "-"]
[White "mpustil"]
[Black "digger"]
[Result "1-0"]
[WhiteElo "1794"]
[BlackElo "1545"]

1. e4 c5 2. Nf3 d5 3. Nc3 e6 4. exd5 exd5 5. Qe2+ Be7 6. Qe5 f6 7. Qxd5 Qxd5 8.
Nxd5 Bd6 9. Bc4 Nc6 10. O-O Nge7 11. Re1 Bd7 12. Bb5 O-O-O 13. Bxc6 Nxc6 14. b3
Bg4 15. Re3 Bxf3 16. Rxf3 Nd4 17. Rd3 Rhe8 18. Ne3 Bf4 19. Bb2 Bxe3 20. dxe3
Nxc2 21. Rxd8+ Rxd8 22. Rc1 b6 23. a3 b5 24. g3 Rd2 25. Bc3 Nd4 26. exd4 Rd3 27.
b4 f5 28. dxc5 g6 29. Bb2 Kc7 30. Re1 Kc6 31. Re6+ Kd7 32. Ra6 Rb3 33. Rxa7+ Kc6
34. Be5 Kd5 35. Bd6 Rb1+ 36. Kg2 h5 37. h4 Kd4 38. c6 Rc1 39. c7 Kd5 40. Bc5
Rxc5 41. bxc5 Kxc5 42. c8=Q+ Kd4 43. Rd7+ Ke5 44. Qe8+ Kf6 45. Rf7# 1-0

[Event "Challenge"]
[Site "http://www.queenalice.com/game.php?id=677158"]
[Date "2009.11.3"]
[Round "-"]
[White "beejay"]
[Black "mpustil"]
[Result "0-1"]
[WhiteElo "1726"]
[BlackElo "1742"]

1. e4 c5 2. Nf3 d6 3. Nc3 Nf6 4. Bc4 a6 5. O-O b5 6. Bd5 Nxd5 7. Nxd5 Nc6 8. d4
e6 9. Nf4 g5 10. Nh5 g4 11. Nd2 Qg5 12. f3 Qxh5 13. fxg4 Qg6 14. dxc5 dxc5 15.
b3 Bg7 16. Rb1 h5 17. c4 Bd4+ 18. Kh1 hxg4 19. Bb2 Qh5 20. Bxd4 Qxh2# 0-1

[Event "Challenge"]
[Site "http://www.queenalice.com/game.php?id=677159"]
[Date "2009.11.3"]
[Round "-"]
[White "mpustil"]
[Black "Tasjunior"]
[Result "1-0"]
[WhiteElo "1786"]
[BlackElo "1679"]

1. e4 e5 2. Nc3 Nc6 3. Nf3 Bb4 4. a3 Ba5 5. b4 Bb6 6. Bc4 a5 7. b5 Nce7 8. Nxe5
Nh6 9. Qh5 O-O 10. d3 d6 11. Bxh6 dxe5 12. Be3 Bxe3 13. fxe3 c6 14. O-O Ng6 15.
Bxf7+ Rxf7 16. Rxf7 Kxf7 17. Qxh7 Qg5 18. Rf1+ Ke8 19. Qg8+ Kd7 20. Qxg7+ Kd6
21. Rf6+ Be6 22. Kf2 Rg8 23. Rxe6+ Kxe6 24. Qxg8+ Ke7 25. Qg7+ Ke8 26. g3 Qh5
27. h4 Ne7 28. bxc6 bxc6 29. d4 exd4 30. exd4 c5 31. d5 Nf5 32. Qe5+ Kd8 33.
Qxf5 Qh8 34. Nb5 Qe8 35. Qf6+ Kc8 36. Nd6+ 1-0

[Event "Challenge"]
[Site "http://www.queenalice.com/game.php?id=679756"]
[Date "2009.11.8"]
[Round "-"]
[White "OliverMeewes"]
[Black "mpustil"]
[Result "0-1"]
[WhiteElo "1960"]
[BlackElo "1768"]

1. e4 e5 2. Nf3 Nc6 3. Bc4 Nf6 4. d3 Be7 5. Nc3 Nd4 6. Nxe5 O-O 7. Be3 c5 8. a3
Qb6 9. Rb1 Ne6 10. O-O d6 11. Nf3 Nd4 12. Nd5 Nxd5 13. Bxd5 Be6 14. b4 Nxf3+ 15.
Qxf3 Bxd5 16. exd5 Qc7 17. b5 b6 18. c4 Bf6 19. Qg4 h6 20. Bxh6 Qc8 21. Qxc8
Raxc8 22. Bd2 Rc7 23. Rbe1 a5 24. g3 a4 25. f4 Bb2 26. Bc1 Bc3 27. Re2 Bd4+ 28.
Kg2 f5 29. Bb2 Bxb2 30. Rxb2 Re8 31. Kf3 Rce7 32. Rd2 Re3+ 33. Kg2 Kf7 34. Kf2
Kg6 35. Rg1 Kh5 36. h3 g5 37. fxg5 Kxg5 38. Rdd1 Re2+ 39. Kf1 f4 40. gxf4+ Kxf4
41. Rg2 Rxg2 42. Kxg2 Rg8+ 43. Kf2 Rg3 44. Ke2 Rg2+ 45. Kf1 Kf3 46. Re1 Rh2 47.
Re6 Rh1# 0-1

[Event "Challenge"]
[Site "http://www.queenalice.com/game.php?id=679759"]
[Date "2009.11.8"]
[Round "-"]
[White "mpustil"]
[Black "Grandioso"]
[Result "1-0"]
[WhiteElo "1773"]
[BlackElo "1904"]

1. e4 e5 2. Nf3 Nc6 3. Nc3 Nf6 4. d3 Bc5 5. h3 O-O 6. a3 a6 7. g4 d6 8. g5 Nh5
9. Nxe5 dxe5 10. Qxh5 Nd4 11. Kd1 Qd6 12. b4 Bb6 13. Nd5 Be6 14. Nf6+ gxf6 15.
gxf6 Nf3 16. Qh6 Bf5 17. Qg7# 1-0

[Event "Challenge"]
[Site "http://www.queenalice.com/game.php?id=694633"]
[Date "2009.12.8"]
[Round "-"]
[White "OliverMeewes"]
[Black "mpustil"]
[Result "1-0"]
[WhiteElo "1885"]
[BlackElo "1776"]

1. e4 e5 2. Bc4 Nf6 3. d3 Bc5 4. Nf3 c6 5. Nxe5 d5 6. exd5 Nxd5 7. h3 Qe7 8. d4
Nd7 9. O-O Bb6 10. Nf3 O-O 11. Qd3 N7f6 12. Ne5 Nb4 13. Qd1 Bf5 14. Na3 Rad8 15.
Nf3 c5 16. c3 Nc6 17. d5 Na5 18. b3 Ne4 19. Qe2 Qf6 20. Nb5 a6 21. b4 Nxc4 22.
Qxc4 axb5 23. Qxb5 1-0

[Event "Challenge"]
[Site "http://www.queenalice.com/game.php?id=694636"]
[Date "2009.12.8"]
[Round "-"]
[White "thomas01"]
[Black "mpustil"]
[Result "0-1"]
[WhiteElo "1354"]
[BlackElo "1798"]

1. e4 c5 2. d4 cxd4 3. Qxd4 Nc6 4. Qe3 e5 5. Bc4 Nd4 6. Bb3 Bc5 7. Qd3 Nf6 8. c3
Qa5 9. Bd2 Nxb3 10. c4 Nxd2 11. Nxd2 Ng4 0-1

[Event "Challenge"]
[Site "http://www.queenalice.com/game.php?id=734663"]
[Date "2010.2.19"]
[Round "-"]
[White "mpustil"]
[Black "jacconsultoria"]
[Result "0-1"]
[WhiteElo "1792"]
[BlackElo "1805"]

1. e4 c5 2. d4 cxd4 3. Nf3 Nc6 4. Nxd4 Nxd4 5. Qxd4 d6 6. f4 Nf6 7. e5 dxe5 8.
Qxd8+ Kxd8 9. fxe5 Ng4 10. Bf4 g6 11. Be2 Bg7 12. h3 Nxe5 13. Nc3 Be6 14. O-O-O+
Nd7 15. Nb5 Rc8 16. Nxa7 Ra8 17. Be3 Ke8 18. c4 b6 19. Nb5 Rxa2 20. Bxb6 Bf5 21.
Nc7+ Kf8 22. c5 Bh6+ 23. Rd2 Ra1# 0-1

[Event "Challenge"]
[Site "http://www.queenalice.com/game.php?id=734666"]
[Date "2010.2.19"]
[Round "-"]
[White "leking"]
[Black "mpustil"]
[Result "1-0"]
[WhiteElo "1801"]
[BlackElo "1792"]

1. e4 e5 2. Nf3 Nc6 3. d4 exd4 4. Nxd4 Bc5 5. Nxc6 Qh4 6. Qe2 Nf6 7. Nc3 bxc6 8.
Be3 Bb4 9. O-O-O Bxc3 10. bxc3 Nxe4 11. Rd3 Ba6 12. g3 Bxd3 13. Qxd3 Qe7 14. Bg2
d5 15. Bxe4 Qxe4 16. Qxe4+ dxe4 17. Re1 O-O 18. Bd4 Rfe8 19. c4 Rab8 20. Kd2 Rb2
21. Bxb2 Rd8+ 22. Ke3 f5 23. Bd4 a6 24. c5 Rb8 25. Be5 Rb7 26. Kd2 Kf7 27. Re3
Rb5 28. Bxc7 Rxc5 29. Bb6 Rb5 30. Bd4 c5 31. Bc3 g6 32. h4 h5 33. a4 Rb1 34. Re1
Rb6 35. Re3 1-0

[Event "Challenge"]
[Site "http://www.queenalice.com/game.php?id=734668"]
[Date "2010.2.19"]
[Round "-"]
[White "mpustil"]
[Black "leking"]
[Result "0-1"]
[WhiteElo "1800"]
[BlackElo "1756"]

1. e4 e5 2. c4 Nc6 3. Nc3 Nf6 4. d3 Nd4 5. Nf3 d6 6. Nxd4 exd4 7. Qa4+ Bd7 8.
Nb5 a6 9. Nxc7+ Qxc7 10. Qd1 Be7 11. f4 O-O 12. b3 Bg4 13. Qd2 Rae8 14. h3 Bd7
15. g4 h6 16. Bb2 Qb6 17. Qf2 Qb4+ 18. Qd2 d5 19. O-O-O dxe4 20. Qxb4 Bxb4 21.
Bxd4 Be7 22. g5 Nh7 23. gxh6 Bf6 24. Bc5 gxh6 0-1

[Event "Challenge"]
[Site "http://www.queenalice.com/game.php?id=757779"]
[Date "2010.4.7"]
[Round "-"]
[White "richcooke"]
[Black "mpustil"]
[Result "1-0"]
[WhiteElo "1731"]
[BlackElo "1773"]

1. e4 c5 2. Bc4 e6 3. Nf3 Nc6 4. O-O g5 5. d4 g4 6. Ne5 Nxd4 7. c3 Nc6 8. Nxf7
Kxf7 9. f4 h5 10. Be3 d6 11. f5 Nf6 12. Bg5 Bh6 13. Bxf6 Kxf6 14. fxe6+ Ke7 15.
Qd5 Ne5 16. Rf5 Rf8 17. Nd2 Bxd2 18. Qxd2 Rxf5 19. exf5 Qf8 20. Bd3 d5 21. Qe3
Kd6 22. Rd1 b6 23. Be4 Bb7 24. c4 Nxc4 25. Qg5 Ke5 26. Bd3 Qh8 27. e7 Nxb2 28.
Re1+ Kd6 29. Re6+ Kc7 30. Qf4+ 1-0